Herbal medicines : (Record no. 7956)

MARC details
000 -LEADER
fixed length control field 00661nam a22002057a 4500
003 - CONTROL NUMBER IDENTIFIER
control field OSt
005 - DATE AND TIME OF LATEST TRANSACTION
control field 20220809095445.0
008 - FIXED-LENGTH DATA ELEMENTS--GENERAL INFORMATION
fixed length control field 220809b ||||| |||| 00| 0 eng d
020 ## - INTERNATIONAL STANDARD BOOK NUMBER
International Standard Book Number 0853694745
040 ## - CATALOGING SOURCE
Transcribing agency NLM
082 ## - DEWEY DECIMAL CLASSIFICATION NUMBER
Classification number QY 766
Item number b252h 2002
100 ## - MAIN ENTRY--PERSONAL NAME
Personal name Barnes, Joanne; Linda A. Anderson; J. David Phillipson
9 (RLIN) 16159
245 ## - TITLE STATEMENT
Title Herbal medicines :
Remainder of title a guide for healthcare professionals
250 ## - EDITION STATEMENT
Edition statement Second edition
260 ## - PUBLICATION, DISTRIBUTION, ETC. (IMPRINT)
Place of publication, distribution, etc. London :
Name of publisher, distributor, etc. Pharmaceutical Press,
Date of publication, distribution, etc. 2002
300 ## - PHYSICAL DESCRIPTION
Extent xiv, 530 pages ;
Dimensions 26 cm
650 ## - SUBJECT ADDED ENTRY--TOPICAL TERM
Topical term or geographic name as entry element Herbs -- Therapeutic use -- Encyclopedias.
9 (RLIN) 16160
650 ## - SUBJECT ADDED ENTRY--TOPICAL TERM
Topical term or geographic name as entry element Pharmacognosy -- Encyclopedias
9 (RLIN) 16161
942 ## - ADDED ENTRY ELEMENTS (KOHA)
Source of classification or shelving scheme Dewey Decimal Classification
Koha item type Book
Holdings
Withdrawn status Lost status Source of classification or shelving scheme Damaged status Not for loan Home library Current library Date acquired Source of acquisition Inventory number Total Checkouts Full call number Barcode Date last seen Price effective from Koha item type
    Other/Generic Classification Scheme     MUST Main Library MUST Main Library 09/08/2022 Purchase 22/41870   QY 766 b252h 2002 2022-0781 09/08/2022 09/08/2022 Book
    Other/Generic Classification Scheme     MUST Main Library MUST Main Library 09/08/2022 Purchase 22/41869   QY 766 b252h 2002 2022-0782 09/08/2022 09/08/2022 Book
    Other/Generic Classification Scheme     MUST Main Library MUST Main Library 09/08/2022 Purchase 22/41871   QY 766 b252h 2002 2022-0783 09/08/2022 09/08/2022 Book